000 01357nam a2200337 a 4500
001 vtls001168105
003 NLI
005 20210603154906.0
008 120327s1991 ii 000 0 hin
020 _a8171190782 :
_cRs. 35.00
039 9 _y201203271817
_zVLOAD
040 _aNLI
_bhineng
_cDatasoft_Hindi
_eAACR2
041 0 _ahin
044 _a ii
082 0 4 _a 491.435
100 0 _6880-01
_aरामप्रकाश,
_cडॉ.,
_d1932-
_9200762
245 1 0 _6880-02
_aप्रयोगात्मक और प्रयोजनमूलक हिन्दी /
_cरामप्रकाश [और] दिनेश गुप्त
260 _aनई दिल्ली :
_bराधाकृष्ण प्रकाशन,
_c1991
300 _a125 p. ;
_c18 cm.
650 0 _aHindi language
_xStudy and teaching
_9134692
650 0 _aHindi language
_xEtymology
_9135470
700 1 _6880-03
_aगुप्त¸ दिनेश,
_cडॉ.,
_4सह.लेख
_9198488
880 1 0 _6245-02(B
_aPrayogātmak aur prayojanmūlak Hindī /
_cRāmprakāś [and] Dineś Gupt
880 0 _6100-01(B
_aRāmprakāś,
_cDr.,
_d1932-
880 1 _6700-03(B
_aGupt, Dineś
_cDr.
_4jt.aut
887 _a
901 _a63171
_b8.5.92
902 _aH 491.435 R 794 pr
942 _2ddc
_cBKS
949 _AVIRTUAITEM
_D10000
_X100
_6HIN000063171HIN
999 _aVIRTUA40
_c480628
_d480628